Bursa Metro Stops - Statistics

General Stats
  • This quiz has been taken 93 times
  • The average score is 32 of 40
Answer Stats
Answer % Correct
Nilüfer
96%
Kestel
91%
Uludağ Üniversitesi
91%
Bursaspor / Acemler
89%
Emek
89%
Fatih Sultan Mehmet
89%
Şehreküstü / Ulucamii Hanlar Bölgesi
89%
Ataevler / 23 Nisan
88%
Osmangazi
88%
Özlüce / 29 Ekim
88%
Merinos
86%
Odunluk
86%
Beşevler / Barış
84%
Kültürpark
84%
Paşaçiftliği
84%
Korupark
82%
Sırameşeler / Kükürtlü
82%
Yıldırım / Davutdede
82%
Altınşehir
81%
Demirtaşpaşa / Abdal
81%
Gürsu
81%
Bağlarbaşı / Esentepe
79%
Ertuğrul Dörtçelik Çocuk Hastanesi
79%
Karaman / Hürriyet
79%
Yüzüncüyıl
79%
Küçük Sanayi
77%
Arabayatağı / Yavuz Selim
75%
Batıkent / 19 Mayıs
75%
Geçit / Balat
75%
Hamitler / Fethiye
75%
152 Evler
74%
Bursa Teknik Üniversitesi / Mimar Sinan
74%
İhsaniye
74%
Bursa Organize Sanayi Bölgesi / Akpınar
72%
Gökdere
72%
Hacivat / Esenler
72%
Cumalıkızık / Değirmenönü
68%
Duaçınarı
68%
Otosansit
67%
Şirinevler / Yiğitler
63%
No matching quizzes found
Score Distribution
Percent of People with Each Score
Percentile by Number Answered
Your Score History
You have not taken this quiz